Reforming the law : impact of child development research /

Bibliographic Details
Corporate Author: Society for Research in Child Development
Other Authors: Melton, Gary B.
Format: Book
Language:English
Published: New York : Guilford Press, [1987]
Series:Guilford law and behavior series.
Subjects:

MARC

Tag First Indicator Second Indicator Subfields
LEADER 00000cam a2200000 a 4500
001 in00000031070
005 20151007054943.0
008 870109s1987 nyu b 00100 eng
010 |a  87000031  
020 |a 0898622786 
035 |a (OCoLC)15107337 
035 |9 AAB6746AM 
040 |a DLC  |c DLC  |d TXA  |d UtOrBLW 
043 |a n-us--- 
049 |a TXAM  |c [A11495118] 
050 0 0 |a KF479  |b .R44 1987 
082 0 |a 344.73/0088054  |a 347.3040088054  |2 19 
245 0 0 |a Reforming the law :  |b impact of child development research /  |c edited by Gary B. Melton. 
264 1 |a New York :  |b Guilford Press,  |c [1987] 
264 4 |c ©1987 
300 |a xii, 307 pages ;  |c 24 cm. 
336 |a text  |b txt  |2 rdacontent 
337 |a unmediated  |b n  |2 rdamedia 
338 |a volume  |b nc  |2 rdacarrier 
490 1 |a The Guilford law and behavior series 
500 |a "Developed from a study group sponsored by the Society for Research in Child Development"--Pref. 
504 |a Includes bibliographies and index. 
650 0 |a Children  |x Legal status, laws, etc.  |z United States. 
650 0 |a Child development  |x Law and legislation  |z United States. 
650 0 |a Child development  |x Research  |z United States. 
700 1 |a Melton, Gary B. 
710 2 |a Society for Research in Child Development. 
830 0 |a Guilford law and behavior series. 
999 |a MARS 
999 f f |s be966dbd-4e4c-3e23-951c-2103eddc01c9  |i 1469775b-d28d-3465-9fb6-2403ab140f87  |t 0 
952 f f |p ric  |a Texas A&M University  |b Rellis Campus  |c Joint Library Facility  |d Remote Storage  |t 0  |e KF479 .R44 1987  |h Library of Congress classification  |i unmediated -- volume  |m A14811495118 
998 f f |a KF479 .R44 1987  |t 0  |l Remote Storage